<?xml version="1.0" encoding="UTF-8"?><?xml-stylesheet type="text/xsl" href="static/style.xsl"?><OAI-PMH xmlns="http://www.openarchives.org/OAI/2.0/" xmlns:xsi="http://www.w3.org/2001/XMLSchema-instance" xsi:schemaLocation="http://www.openarchives.org/OAI/2.0/ http://www.openarchives.org/OAI/2.0/OAI-PMH.xsd"><responseDate>2026-04-17T21:17:24Z</responseDate><request verb="GetRecord" identifier="oai:riubu.ubu.es:10259/7497" metadataPrefix="marc">https://riubu.ubu.es/oai/request</request><GetRecord><record><header><identifier>oai:riubu.ubu.es:10259/7497</identifier><datestamp>2026-02-10T12:31:04Z</datestamp><setSpec>com_10259_4244</setSpec><setSpec>com_10259_5086</setSpec><setSpec>com_10259_2604</setSpec><setSpec>col_10259_4245</setSpec></header><metadata><record xmlns="http://www.loc.gov/MARC21/slim" xmlns:doc="http://www.lyncode.com/xoai" xmlns:xsi="http://www.w3.org/2001/XMLSchema-instance" xmlns:dcterms="http://purl.org/dc/terms/" xsi:schemaLocation="http://www.loc.gov/MARC21/slim http://www.loc.gov/standards/marcxml/schema/MARC21slim.xsd">
<leader>00925njm 22002777a 4500</leader>
<datafield tag="042" ind1=" " ind2=" ">
<subfield code="a">dc</subfield>
</datafield>
<datafield tag="720" ind1=" " ind2=" ">
<subfield code="a">Illera Gigante, Alba Ester</subfield>
<subfield code="e">author</subfield>
</datafield>
<datafield tag="720" ind1=" " ind2=" ">
<subfield code="a">Souza, Vanessa Rios de</subfield>
<subfield code="e">author</subfield>
</datafield>
<datafield tag="720" ind1=" " ind2=" ">
<subfield code="a">Nikmaram, Nooshin</subfield>
<subfield code="e">author</subfield>
</datafield>
<datafield tag="720" ind1=" " ind2=" ">
<subfield code="a">Tang, Linyi</subfield>
<subfield code="e">author</subfield>
</datafield>
<datafield tag="720" ind1=" " ind2=" ">
<subfield code="a">Keener, Kevin M.</subfield>
<subfield code="e">author</subfield>
</datafield>
<datafield tag="260" ind1=" " ind2=" ">
<subfield code="c">2022-12</subfield>
</datafield>
<datafield tag="520" ind1=" " ind2=" ">
<subfield code="a">Salmonella enteritidis (SE) accounts for more than 70% of Salmonella spp. infections in humans with a primary&#xd;
source being chicken eggs, that can result from post-lay SE cross-contamination of the shell from contaminated&#xd;
equipment or the environment. The objective of this study was to apply a HVACP treatment that can achieve a&#xd;
minimum 5-log reduction in SE on the surface of artificially inoculated shell eggs with an initial bacterial load of&#xd;
108 CFU/egg, after a previous disinfection. Optimized HVACP treatment conditions were an indirect treatment&#xd;
with air at 60% humidity at 100 kV for one minute treatment and six hours post-treatment or alternatively, five&#xd;
minutes of treatment and four hours post-treatment. Egg quality parameters of Haugh unit (HU), pH, color, and&#xd;
vitelline membrane and shell strength were tested under the optimized conditions and showed no significant&#xd;
difference (p > 0.05) between treated and untreated eggs.&#xd;
Industrial relevance: Missing information for a possible scale up of a cold plasma system for egg surface&#xd;
decontamination has been addressed by an optimization of HVACP treatment focused on treatment and posttreatment time, essential parameters to have into account in the food industry. These results demonstrate that&#xd;
HVACP is an effective decontamination method for SE on chicken shell eggs and provides a baseline for a future&#xd;
scale up of the process, showing that different combinations of treatment variables can achieve the desired&#xd;
decontamination without affecting to key quality parameters of the egg such as Haugh Unit or vitelline membrane strength.</subfield>
</datafield>
<datafield tag="024" ind2=" " ind1="8">
<subfield code="a">1466-8564</subfield>
</datafield>
<datafield tag="024" ind2=" " ind1="8">
<subfield code="a">http://hdl.handle.net/10259/7497</subfield>
</datafield>
<datafield tag="024" ind2=" " ind1="8">
<subfield code="a">10.1016/j.ifset.2022.103210</subfield>
</datafield>
<datafield ind1=" " ind2=" " tag="653">
<subfield code="a">Chicken eggs</subfield>
</datafield>
<datafield ind1=" " ind2=" " tag="653">
<subfield code="a">Salmonella enteritidis</subfield>
</datafield>
<datafield ind1=" " ind2=" " tag="653">
<subfield code="a">Pathogen decontamination</subfield>
</datafield>
<datafield ind1=" " ind2=" " tag="653">
<subfield code="a">High voltage atmospheric cold plasma (HVACP)</subfield>
</datafield>
<datafield ind1=" " ind2=" " tag="653">
<subfield code="a">Process optimization</subfield>
</datafield>
<datafield tag="245" ind1="0" ind2="0">
<subfield code="a">High voltage atmospheric cold plasma decontamination of Salmonella enteritidis on chicken eggs</subfield>
</datafield>
</record></metadata></record></GetRecord></OAI-PMH>